000 02988cam a2200349 a 4500
003 EG-GiCUC
005 20250223032146.0
008 190110s2018 ua f m 000 0 eng d
040 _aEG-GiCUC
_beng
_cEG-GiCUC
041 0 _aeng
049 _aDeposite
097 _aPh.D
099 _aCai01.03.04.Ph.D.2018.Ya.R
100 0 _aYasmine Zein Alabedine Ahmed Radwan
245 1 0 _aRole of identity in international relations :
_bTowards an islamic perspective on conflict management and resolution /
_cYasmine Zein Alabedine Ahmed Radwan ; Supervised Abdulmonem Almashat , Mohammed Soffar , Soad Mahmoud
246 1 5 _aدور الهوية فى العلاقات الدولية :
_bنحو منظور إسلامى لإدارة و حل الصراع
260 _aCairo :
_bYasmine Zein Alabedine Ahmed Radwan ,
_c2018
300 _a214 P. ;
_c25cm
502 _aThesis (Ph.D.) - Cairo University - Faculty of Economics and Political Science - Department of Political Science
520 _aIdentity is a pivotal concept in international relations from the Islamic perspective. It is also considered as an essential tool in conflict management and resolution. Therefore, the study aims at proving that peace could be achieved through it as long as it helps in realizing integration, equilibrium, and cooperation between all universe components within the concept of ummah in quran and hadith. Integration as a prerequisite for peace based on differences in terms of identity is proved through the reinterpretation of some quranic verses in order to clarify the relationship between war and peace on one hand, and the analysis of medina charter as the first civil constitution in the world, and the search for common values that are related to building and maintaining peace, between the Islamic and the Western perspectives, on the other. In this regard, ummah is an inclusive entity that does not aim at eliminating or replacing any other political or social entity, especially that it is based on the recognition and the acknowledgement of the 2other3. Ummah -in Islam- represents a theoretical framework that is able to be applied and to create a sort of consistency and harmony between all existing ideas and institutions, such as; the nation-state, and the state in general. At the end of the study, a new equation of peace has been explored. It is related to the acknowledgement of difference in terms of identity, based on a revision of the Western theories, especially Galtung theory on peace, and reflected in the emphasis of diversity, peacebuilding, and collective identity
530 _aIssued also as CD
653 4 _aConflict management
653 4 _aConflict resolution
653 4 _aIdentity
700 0 _aAbdulmonem Almashat ,
_eSupervisor
700 0 _aMohammed Soffar ,
_eSupervisor
700 0 _aSoad Mahmoud ,
_eSupervisor
856 _uhttp://172.23.153.220/th.pdf
905 _aNazla
_eRevisor
905 _aSamia
_eCataloger
942 _2ddc
_cTH
999 _c69481
_d69481